| 000 | 01621nam a2200385Ia 4500 | ||
|---|---|---|---|
| 001 | ebr10360138 | ||
| 003 | CaPaEBR | ||
| 006 | m u | ||
| 007 | cr cn||||||||| | ||
| 008 | 090623s2010 miu sb 001 0 eng d | ||
| 010 | _z 2009024951 | ||
| 020 | _z9780472117031 (cloth : alk. paper) | ||
| 020 | _z9780472033768 (pbk. : alk. paper) | ||
| 020 | _z9780472022199 (e-book) | ||
| 040 |
_aCaPaEBR _cCaPaEBR |
||
| 035 | _a(OCoLC)593246921 | ||
| 050 | 1 | 4 |
_aJV6477 _b.N49 2010eb |
| 082 | 0 | 4 |
_a305.9/069120973 _222 |
| 100 | 1 |
_aSchmidt, Ronald, _d1943- |
|
| 245 | 1 | 0 |
_aNewcomers, outsiders, and insiders _h[electronic resource] : _bimmigrants and American racial politics in the early twenty-first century / _cRonald Schmidt Sr. ... [et al.]. |
| 260 |
_aAnn Arbor : _bThe University of Michigan Press, _cc2010. |
||
| 300 | _avi, 322 p. | ||
| 490 | 1 | _aThe politics of race and ethnicity | |
| 504 | _aIncludes bibliographical references and index. | ||
| 533 |
_aElectronic reproduction. _bPalo Alto, Calif. : _cebrary, _d2011. _nAvailable via World Wide Web. _nAccess may be limited to ebrary affiliated libraries. |
||
| 650 | 0 |
_aImmigrants _xPolitical activity _zUnited States. |
|
| 650 | 0 | _aAmericanization. | |
| 650 | 0 |
_aCultural pluralism _zUnited States. |
|
| 651 | 0 |
_aUnited States _xRace relations. |
|
| 651 | 0 |
_aUnited States _xEthnic relations. |
|
| 655 | 7 |
_aElectronic books. _2local |
|
| 710 | 2 | _aebrary, Inc. | |
| 830 | 0 | _aPolitics of race and ethnicity. | |
| 856 | 4 | 0 |
_uhttp://site.ebrary.com/lib/rucke/Doc?id=10360138 _zAn electronic book accessible through the World Wide Web; click to view |
| 999 |
_c104007 _d104007 |
||